[Event "Open A"]
[Site "Dortmund, Germany"]
[Date "2024.08.11"]
[Round "2.10"]
[White "Labruyere, Roger"]
[Black "Petrovskyi, Vadim"]
[Result "0-1"]
[WhiteElo "2189"]
[BlackElo "2440"]
[PlyCount "128"]
[EventDate "2024.??.??"]

1. e4 {[%emt 0:00:01]} e5 {[%emt 0:03:55]} 2. Nf3 {[%emt 0:00:13]} Nc6 {[%emt 0:00:24]} 3. Nc3 {[%emt 0:00:15]} Nf6 {[%emt 0:02:25]} 4. Bb5 {[%emt 0:00:06]} Bd6 {[%emt 0:07:49]} 5. O-O {[%emt 0:01:56]} O-O {[%emt 0:02:52]} 6. d3 {[%emt 0:06:05]} h6 {[%emt 0:19:32]} 7. Re1 {[%emt 0:22:39]} Re8 {[%emt 0:03:48]} 8. Bd2 {[%emt 0:10:46]} a6 {[%emt 0:06:44]} 9. Bc4 {[%emt 0:05:56]} Na5 {[%emt 0:04:26]} 10. Nd5 {[%emt 0:07:37]} Nxc4 {[%emt 0:01:00]} 11. dxc4 {[%emt 0:00:01]} Nxd5 {[%emt 0:12:49]} 12. cxd5 {[%emt 0:01:13]} Bf8 {[%emt 0:00:10]} 13. Be3 {[%emt 0:03:29]} d6 {[%emt 0:02:19]} 14. Nd2 {[%emt 0:00:05]} f5 {[%emt 0:00:10]} 15. exf5 {[%emt 0:03:45]} Bxf5 {[%emt 0:00:05]} 16. f3 {[%emt 0:00:22]} Be7 {[%emt 0:02:34]} 17. Ne4 {[%emt 0:01:15]} Rf8 {[%emt 0:02:24]} 18. Qd2 {[%emt 0:00:44]} Qd7 {[%emt 0:01:57]} 19. Rad1 {[%emt 0:05:49]} Rf7 {[%emt 0:06:55]} 20. Qb4 {[%emt 0:01:50]} b6 {[%emt 0:06:58]} 21. a4 {[%emt 0:02:57]} Raf8 {[%emt 0:01:35]} 22. Bf2 {[%emt 0:03:26]} Qd8 {[%emt 0:03:07]} 23. a5 {[%emt 0:03:15]} bxa5 {[%emt 0:01:06]} 24. Qxa5 {[%emt 0:00:16]} g5 {[%emt 0:00:16]} 25. Qd2 {[%emt 0:04:51]} Qd7 {[%emt 0:03:43]} 26. Ng3 {[%emt 0:03:29]} Bg6 {[%emt 0:00:44]} 27. c4 {[%emt 0:00:26]} Kh7 {[%emt 0:01:51]} 28. Be3 {[%emt 0:01:26]} Qa4 {[%emt 0:00:05]} 29. Qc3 {[%emt 0:03:23]} Rb8 {[%emt 0:00:54]} 30. Ra1 {[%emt 0:00:39]} Qb3 {[%emt 0:00:23]} 31. Qxb3 {[%emt 0:01:36]} Rxb3 {[%emt 0:00:02]} 32. Rxa6 {[%emt 0:00:12]} Rxb2 {[%emt 0:00:15]} 33. Rc6 {[%emt 0:00:46]} Bf8 {[%emt 0:00:43]} 34. h3 {[%emt 0:03:07]} Bd3 {[%emt 0:01:39]} 35. Rd1 {[%emt 0:01:19]} Rb3 {[%emt 0:00:02]} 36. Bd2 {[%emt 0:01:36]} Bc2 {[%emt 0:01:35]} 37. Rc1 {[%emt 0:00:09]} Bg6 {[%emt 0:00:08]} 38. Ba5 {[%emt 0:00:32]} Rb7 {[%emt 0:00:02]} 39. Bd2 {[%emt 0:01:15]} Ra7 {[%emt 0:00:54]} 40. Be3 {[%emt 0:00:11]} Ra3 {[%emt 0:00:51]} 41. Re1 {[%emt 0:01:23]} Bd3 {[%emt 0:00:47]} 42. Ne4 {[%emt 0:04:53]} Bc2 {[%emt 0:11:49]} 43. Bc1 {[%emt 0:13:16]} Rb3 {[%emt 0:10:23]} 44. Bd2 {[%emt 0:06:28]} Rb7 {[%emt 0:01:33]} 45. Nc3 {[%emt 0:01:59]} Bf5 {[%emt 0:00:11]} 46. Nb5 {[%emt 0:02:15]} Kg8 {[%emt 0:00:10]} 47. Ra6 {[%emt 0:02:04]} Bd3 {[%emt 0:00:58]} 48. Na3 {[%emt 0:01:05]} Rb2 {[%emt 0:01:25]} 49. Bc3 {[%emt 0:01:36]} Ra2 {[%emt 0:00:44]} 50. Ra1 {[%emt 0:00:33]} Rxa1+ {[%emt 0:00:06]} 51. Bxa1 e4 52. Kf2 {[%emt 0:01:08]} exf3 {[%emt 0:00:07]} 53. g4 {[%emt 0:00:31]} h5 {[%emt 0:03:36]} 54. Bd4 {[%emt 0:00:34]} Be2 {[%emt 0:02:02]} 55. Be3 {[%emt 0:00:26]} hxg4 {[%emt 0:00:09]} 56. hxg4 {[%emt 0:00:01]} Rh7 {[%emt 0:00:09]} 57. Kg3 {[%emt 0:00:49]} Bg7 {[%emt 0:00:07]} 58. Ra8+ {[%emt 0:00:06]} Kf7 {[%emt 0:00:05]} 59. Rc8 {[%emt 0:00:54]} Be5+ {[%emt 0:00:28]} 60. Kf2 {[%emt 0:00:03]} Rh2+ {[%emt 0:00:52]} 61. Kg1 {[%emt 0:00:52]} Rg2+ {[%emt 0:00:21]} 62. Kh1 {[%emt 0:00:03]} f2 {[%emt 0:00:37]} 63. Rxc7+ {[%emt 0:00:11]} Kg6 {[%emt 0:00:12]} 64. Bxf2 {[%emt 0:00:07]} Bf3 {[%emt 0:00:17]} 0-1

[Event "Open A"]
[Site "Dortmund, Germany"]
[Date "2024.08.11"]
[Round "2.11"]
[White "Vaganian, Rafael A"]
[Black "Wichtrup, Jan-Louis"]
[Result "1/2-1/2"]
[WhiteElo "2452"]
[BlackElo "2138"]
[PlyCount "156"]
[EventDate "2024.??.??"]

1. Nf3 {[%emt 0:00:07]} d5 {[%emt 0:01:14]} 2. g3 {[%emt 0:00:23]} Nf6 {[%emt 0:00:10]} 3. Bg2 {[%emt 0:00:07]} e6 {[%emt 0:00:42]} 4. c4 {[%emt 0:02:29]} Be7 {[%emt 0:00:40]} 5. d4 {[%emt 0:02:32]} O-O {[%emt 0:00:55]} 6. Qc2 {[%emt 0:01:45]} c5 {[%emt 0:01:35]} 7. O-O {[%emt 0:00:38]} cxd4 {[%emt 0:02:17]} 8. Nxd4 {[%emt 0:00:08]} Na6 {[%emt 0:01:30]} 9. Rd1 {[%emt 0:04:49]} Nb4 {[%emt 0:05:07]} 10. Qd2 {[%emt 0:06:56]} dxc4 {[%emt 0:06:53]} 11. Na3 {[%emt 0:00:24]} e5 {[%emt 0:04:23]} 12. Nf3 {[%emt 0:17:31]} Qc7 {[%emt 0:15:26]} 13. Qc3 {[%emt 0:00:31]} Be6 {[%emt 0:02:28]} 14. Qxe5 {[%emt 0:00:53]} Rfc8 {[%emt 0:08:29]} 15. Qxc7 {[%emt 0:06:27]} Rxc7 {[%emt 0:01:48]} 16. Bf4 {[%emt 0:05:22]} Rcc8 {[%emt 0:01:37]} 17. Nd4 {[%emt 0:04:52]} Bd5 {[%emt 0:02:12]} 18. Rdc1 {[%emt 0:01:08]} Bxg2 {[%emt 0:18:20]} 19. Kxg2 {[%emt 0:00:20]} c3 {[%emt 0:00:25]} 20. Rxc3 {[%emt 0:04:01]} Rxc3 {[%emt 0:00:33]} 21. bxc3 {[%emt 0:00:09]} Nbd5 {[%emt 0:00:25]} 22. Nab5 {[%emt 0:00:21]} a6 {[%emt 0:00:38]} 23. Be5 {[%emt 0:03:43]} axb5 {[%emt 0:01:36]} 24. Nxb5 {[%emt 0:00:08]} h6 {[%emt 0:06:23]} 25. Bd4 {[%emt 0:00:34]} Ra4 {[%emt 0:02:38]} 26. Kf3 {[%emt 0:00:59]} Nd7 {[%emt 0:02:37]} 27. a3 {[%emt 0:01:37]} N5b6 {[%emt 0:03:22]} 28. Rd1 {[%emt 0:00:56]} Bf6 {[%emt 0:01:59]} 29. Bxf6 {[%emt 0:01:24]} Nxf6 {[%emt 0:00:16]} 30. Rd8+ {[%emt 0:00:05]} Kh7 {[%emt 0:00:16]} 31. Rb8 {[%emt 0:00:03]} Nc4 {[%emt 0:01:59]} 32. Rxb7 {[%emt 0:00:10]} Kg6 {[%emt 0:01:22]} 33. Ra7 {[%emt 0:01:51]} Rxa7 {[%emt 0:00:46]} 34. Nxa7 {[%emt 0:00:11]} Nxa3 {[%emt 0:00:06]} 35. e4 {[%emt 0:02:09]} Nc4 {[%emt 0:00:21]} 36. Kf4 {[%emt 0:00:06]} Nh5+ {[%emt 0:01:16]} 37. Kf3 {[%emt 0:00:02]} Nf6 {[%emt 0:00:10]} 38. Kf4 {[%emt 0:00:04]} Nd7 {[%emt 0:00:13]} 39. Nc6 {[%emt 0:01:48]} Kf6 {[%emt 0:00:39]} 40. g4 {[%emt 0:01:16]} Nde5 {[%emt 0:02:10]} 41. Nd4 {[%emt 0:00:38]} Nd3+ {[%emt 0:08:28]} 42. Kg3 {[%emt 0:01:12]} Nc5 {[%emt 0:00:49]} 43. f3 {[%emt 0:00:15]} Na4 {[%emt 0:01:24]} 44. Ne2 {[%emt 0:02:29]} Nd6 {[%emt 0:00:49]} 45. h4 {[%emt 0:02:21]} Nb5 {[%emt 0:01:45]} 46. Nf4 {[%emt 0:05:18]} Nbxc3 {[%emt 0:03:04]} 47. Nh5+ {[%emt 0:00:24]} Kg6 {[%emt 0:00:15]} 48. e5 {[%emt 0:00:07]} Nd5 {[%emt 0:01:57]} 49. f4 {[%emt 0:00:29]} Nc5 {[%emt 0:03:55]} 50. f5+ {[%emt 0:02:06]} Kh7 {[%emt 0:00:10]} 51. Kf3 g6 {[%emt 0:02:45]} 52. Ng3 {[%emt 0:00:11]} Kg7 {[%emt 0:03:00]} 53. h5 {[%emt 0:00:29]} g5 {[%emt 0:04:10]} 54. f6+ {[%emt 0:00:07]} Kh7 {[%emt 0:00:20]} 55. Nf5 {[%emt 0:00:02]} Ne6 {[%emt 0:00:29]} 56. Nd6 {[%emt 0:00:35]} Nd8 {[%emt 0:00:45]} 57. Ke4 {[%emt 0:00:07]} Nc7 {[%emt 0:01:15]} 58. Kf5 {[%emt 0:00:39]} Kg8 {[%emt 0:00:29]} 59. Ke4 {[%emt 0:00:32]} Nce6 {[%emt 0:00:29]} 60. Nf5 {[%emt 0:00:08]} Kh7 {[%emt 0:00:16]} 61. Nd6 {[%emt 0:00:04]} Nc5+ {[%emt 0:01:52]} 62. Ke3 {[%emt 0:01:03]} Kg8 {[%emt 0:01:26]} 63. Nf5 {[%emt 0:00:08]} Kf8 {[%emt 0:00:56]} 64. Kd4 {[%emt 0:00:51]} Nde6+ {[%emt 0:01:00]} 65. Ke3 {[%emt 0:00:32]} Nd7 {[%emt 0:01:41]} 66. Ke4 {[%emt 0:00:06]} Nec5+ {[%emt 0:01:45]} 67. Kd4 {[%emt 0:00:24]} Nd3 {[%emt 0:01:09]} 68. Kxd3 {[%emt 0:08:27]} Nxe5+ {[%emt 0:00:08]} 69. Ke4 {[%emt 0:00:14]} Nxg4 {[%emt 0:00:06]} 70. Kf3 {[%emt 0:00:04]} Nxf6 {[%emt 0:00:25]} 71. Nxh6 {[%emt 0:00:14]} Ke7 {[%emt 0:01:18]} 72. Nf5+ {[%emt 0:00:47]} Ke6 {[%emt 0:00:07]} 73. Ng7+ {[%emt 0:00:27]} Ke5 {[%emt 0:00:13]} 74. h6 {[%emt 0:00:07]} Nh7 {[%emt 0:01:10]} 75. Kg4 {[%emt 0:00:22]} Kf6 {[%emt 0:01:04]} 76. Kh5 {[%emt 0:00:09]} Nf8 {[%emt 0:00:34]} 77. Ne8+ {[%emt 0:00:09]} Kf5 {[%emt 0:00:13]} 78. Nd6+ {[%emt 0:00:08]} Ke6 {[%emt 0:00:37]} 1/2-1/2

[Event "Open A"]
[Site "Dortmund, Germany"]
[Date "2024.08.11"]
[Round "2.12"]
[White "Lyutsinger, Iren"]
[Black "Gkoumas, Georgios"]
[Result "1/2-1/2"]
[WhiteElo "2176"]
[BlackElo "2450"]
[PlyCount "72"]
[EventDate "2024.??.??"]

1. e4 c5 {[%emt 0:09:52]} 2. Nf3 {[%emt 0:00:08]} Nc6 {[%emt 0:00:05]} 3. Bb5 {[%emt 0:00:08]} g6 {[%emt 0:00:05]} 4. Bxc6 {[%emt 0:00:08]} bxc6 {[%emt 0:00:03]} 5. O-O {[%emt 0:00:11]} Bg7 {[%emt 0:00:06]} 6. Re1 {[%emt 0:00:06]} Qc7 {[%emt 0:00:30]} 7. c3 {[%emt 0:01:36]} d6 {[%emt 0:00:51]} 8. h3 {[%emt 0:03:02]} Nf6 {[%emt 0:00:09]} 9. d4 {[%emt 0:00:12]} cxd4 {[%emt 0:00:06]} 10. cxd4 {[%emt 0:00:04]} O-O {[%emt 0:00:07]} 11. Nc3 {[%emt 0:00:33]} c5 {[%emt 0:00:07]} 12. Bg5 {[%emt 0:09:15]} cxd4 {[%emt 0:05:31]} 13. Nxd4 {[%emt 0:00:51]} Qb7 {[%emt 0:00:44]} 14. Qd2 {[%emt 0:01:44]} Bd7 {[%emt 0:01:51]} 15. Rac1 {[%emt 0:05:25]} Rab8 {[%emt 0:02:53]} 16. Nb3 {[%emt 0:04:41]} Be6 {[%emt 0:27:20]} 17. Nd4 {[%emt 0:20:06]} Qxb2 {[%emt 0:06:16]} 18. Nc6 {[%emt 0:00:32]} Qxd2 {[%emt 0:00:17]} 19. Nxe7+ {[%emt 0:00:11]} Kh8 {[%emt 0:00:04]} 20. Bxd2 {[%emt 0:00:03]} Rb7 {[%emt 0:04:02]} 21. Ned5 {[%emt 0:03:08]} Nd7 {[%emt 0:06:38]} 22. Bg5 {[%emt 0:03:16]} Ne5 {[%emt 0:05:06]} 23. Be7 {[%emt 0:04:51]} Rxe7 {[%emt 0:03:45]} 24. Nxe7 {[%emt 0:00:12]} Nd3 {[%emt 0:00:02]} 25. Nb5 {[%emt 0:04:15]} a6 {[%emt 0:14:11]} 26. Nc7 {[%emt 0:05:09]} Bd4 {[%emt 0:04:00]} 27. Red1 {[%emt 0:03:01]} Bxf2+ {[%emt 0:01:06]} 28. Kf1 {[%emt 0:00:01]} Nxc1 {[%emt 0:00:05]} 29. Kxf2 {[%emt 0:00:41]} Nxa2 {[%emt 0:00:02]} 30. Rxd6 {[%emt 0:04:01]} a5 {[%emt 0:02:16]} 31. Ra6 {[%emt 0:05:06]} Nc3 {[%emt 0:00:13]} 32. Ke3 {[%emt 0:00:47]} a4 {[%emt 0:00:48]} 33. Ned5 {[%emt 0:09:17]} Nxd5+ {[%emt 0:01:40]} 34. exd5 {[%emt 0:03:22]} Bd7 {[%emt 0:00:06]} 35. Kd4 {[%emt 0:00:36]} Kg7 {[%emt 0:00:34]} 36. Kc5 {[%emt 0:01:29]} Rd8 {[%emt 0:00:44]} 1/2-1/2

[Event "Open A"]
[Site "Dortmund, Germany"]
[Date "2024.08.11"]
[Round "2.13"]
[White "Weigand, Anton"]
[Black "Peyrer, Konstantin"]
[Result "1/2-1/2"]
[WhiteElo "2115"]
[BlackElo "2425"]
[PlyCount "53"]
[EventDate "2024.??.??"]

1. e4 {[%emt 0:00:04]} e5 {[%emt 0:00:12]} 2. Nf3 {[%emt 0:00:04]} Nc6 {[%emt 0:00:06]} 3. Bb5 {[%emt 0:00:04]} a6 {[%emt 0:00:07]} 4. Ba4 {[%emt 0:00:03]} Nf6 {[%emt 0:00:09]} 5. Nc3 {[%emt 0:00:06]} Nd4 {[%emt 0:08:36]} 6. Nxd4 {[%emt 0:15:47]} exd4 {[%emt 0:00:31]} 7. e5 dxc3 {[%emt 0:01:09]} 8. exf6 {[%emt 0:00:08]} Qxf6 {[%emt 0:00:05]} 9. dxc3 {[%emt 0:03:25]} Bc5 {[%emt 0:01:30]} 10. O-O {[%emt 0:01:53]} O-O {[%emt 0:01:50]} 11. Bxd7 {[%emt 0:11:09]} Bxd7 {[%emt 0:04:28]} 12. Qxd7 {[%emt 0:00:02]} Rad8 {[%emt 0:00:13]} 13. Qg4 {[%emt 0:00:35]} Rd5 {[%emt 0:03:39]} 14. Bf4 {[%emt 0:08:31]} Rf5 {[%emt 0:10:09]} 15. Bg3 {[%emt 0:03:17]} h5 {[%emt 0:02:58]} 16. Qe4 {[%emt 0:04:37]} Rd8 {[%emt 0:03:29]} 17. Rad1 {[%emt 0:04:42]} Rxd1 {[%emt 0:00:28]} 18. Rxd1 {[%emt 0:00:02]} Bxf2+ {[%emt 0:00:37]} 19. Bxf2 {[%emt 0:00:07]} Rxf2 {[%emt 0:00:04]} 20. Qxb7 {[%emt 0:08:38]} Rxc2 {[%emt 0:02:15]} 21. Rf1 {[%emt 0:10:05]} Qg6 {[%emt 0:00:10]} 22. a4 {[%emt 0:05:25]} h4 {[%emt 0:12:32]} 23. h3 {[%emt 0:02:05]} f6 {[%emt 0:23:13]} 24. Rf2 {[%emt 0:05:46]} Rxf2 {[%emt 0:00:19]} 25. Kxf2 {[%emt 0:00:01]} Qc2+ {[%emt 0:00:08]} 26. Kg1 {[%emt 0:00:44]} Qxa4 {[%emt 0:00:37]} 27. Qd5+ {[%emt 0:03:20]} 1/2-1/2

[Event "Open A"]
[Site "Dortmund, Germany"]
[Date "2024.08.11"]
[Round "2.14"]
[White "Kummerow, Heiko"]
[Black "Kuegel, Tobias"]
[Result "0-1"]
[WhiteElo "2117"]
[BlackElo "2419"]
[PlyCount "152"]
[EventDate "2024.??.??"]

1. e4 {[%emt 0:00:01]} e5 {[%emt 0:02:10]} 2. Nf3 {[%emt 0:00:08]} Nc6 {[%emt 0:00:17]} 3. Bc4 {[%emt 0:00:09]} Bc5 {[%emt 0:01:21]} 4. c3 {[%emt 0:00:12]} Nf6 {[%emt 0:00:34]} 5. d4 {[%emt 0:00:13]} exd4 {[%emt 0:00:15]} 6. e5 {[%emt 0:00:05]} d5 {[%emt 0:00:33]} 7. Be2 {[%emt 0:00:15]} Ne4 {[%emt 0:00:55]} 8. cxd4 {[%emt 0:00:12]} Bb6 {[%emt 0:00:29]} 9. Nc3 {[%emt 0:00:26]} O-O {[%emt 0:01:18]} 10. O-O {[%emt 0:00:14]} Be6 {[%emt 0:05:27]} 11. Be3 {[%emt 0:00:55]} f5 {[%emt 0:08:49]} 12. exf6 {[%emt 0:00:47]} Qxf6 {[%emt 0:02:31]} 13. Na4 {[%emt 0:07:37]} Bg4 {[%emt 0:23:23]} 14. Nxb6 {[%emt 0:02:23]} axb6 {[%emt 0:00:58]} 15. a3 {[%emt 0:01:51]} Kh8 {[%emt 0:07:45]} 16. Rc1 {[%emt 0:03:12]} Nd6 {[%emt 0:07:44]} 17. h3 {[%emt 0:11:33]} Bh5 {[%emt 0:03:47]} 18. Qb3 {[%emt 0:10:57]} Nc4 {[%emt 0:10:02]} 19. Qc3 {[%emt 0:12:20]} Rae8 {[%emt 0:03:54]} 20. Bg5 {[%emt 0:08:18]} Qg6 {[%emt 0:16:38]} 21. Bd3 {[%emt 0:12:39]} Rxf3 {[%emt 0:00:12]} 22. Bxg6 {[%emt 0:00:08]} Rxc3 {[%emt 0:00:05]} 23. Bxh5 {[%emt 0:00:31]} Rxc1 {[%emt 0:00:06]} 24. Rxc1 {[%emt 0:01:13]} Rf8 {[%emt 0:02:04]} 25. b3 {[%emt 0:05:39]} Nxa3 {[%emt 0:00:38]} 26. Bf3 {[%emt 0:00:22]} Nb5 {[%emt 0:01:10]} 27. Be3 {[%emt 0:01:03]} Ncxd4 {[%emt 0:00:32]} 28. Bxd4 {[%emt 0:00:09]} Nxd4 {[%emt 0:00:04]} 29. Rxc7 {[%emt 0:00:07]} Nxf3+ {[%emt 0:00:44]} 30. gxf3 {[%emt 0:00:02]} h6 {[%emt 0:00:45]} 31. Rxb7 {[%emt 0:01:08]} Rxf3 {[%emt 0:00:13]} 32. Rxb6 {[%emt 0:00:28]} Rxh3 {[%emt 0:00:06]} 33. Rd6 {[%emt 0:01:23]} Rxb3 {[%emt 0:01:10]} 34. Rxd5 {[%emt 0:00:05]} Kh7 {[%emt 0:00:25]} 35. Kg2 {[%emt 0:00:18]} Kg6 {[%emt 0:00:21]} 36. f3 {[%emt 0:04:35]} Rb1 {[%emt 0:00:28]} 37. Ra5 {[%emt 0:00:25]} Rb6 {[%emt 0:00:14]} 38. Kg3 {[%emt 0:00:13]} Rf6 {[%emt 0:00:08]} 39. Rb5 {[%emt 0:01:07]} Rf5 {[%emt 0:00:20]} 40. Rb4 {[%emt 0:00:28]} Rg5+ {[%emt 0:00:21]} 41. Kf2 {[%emt 0:04:16]} h5 {[%emt 0:01:52]} 42. Ra4 {[%emt 0:00:33]} Kh6 {[%emt 0:00:11]} 43. Rb4 {[%emt 0:00:16]} Rf5 {[%emt 0:01:23]} 44. Kg3 {[%emt 0:01:46]} Kg5 {[%emt 0:00:09]} 45. Ra4 {[%emt 0:00:44]} h4+ {[%emt 0:01:57]} 46. Kg2 {[%emt 0:00:12]} g6 {[%emt 0:00:18]} 47. Rb4 {[%emt 0:00:39]} Kh5 {[%emt 0:02:56]} 48. Rb8 {[%emt 0:03:50]} Rg5+ {[%emt 0:00:12]} 49. Kh2 {[%emt 0:00:32]} Ra5 {[%emt 0:01:51]} 50. Rb4 {[%emt 0:02:51]} Ra3 {[%emt 0:01:53]} 51. Rf4 {[%emt 0:00:45]} Ra2+ {[%emt 0:02:02]} 52. Kh3 {[%emt 0:02:14]} g5 {[%emt 0:01:56]} 53. Rf8 {[%emt 0:03:42]} Ra6 {[%emt 0:02:34]} 54. Rh8+ {[%emt 0:03:06]} Kg6 {[%emt 0:00:02]} 55. Rf8 {[%emt 0:01:11]} Rf6 {[%emt 0:00:30]} 56. Rg8+ {[%emt 0:02:39]} Kf5 {[%emt 0:00:33]} 57. Ra8 {[%emt 0:00:11]} Kf4 {[%emt 0:00:08]} 58. Kg2 {[%emt 0:03:14]} Re6 {[%emt 0:02:31]} 59. Ra4+ {[%emt 0:00:56]} Kf5 {[%emt 0:00:18]} 60. Ra5+ {[%emt 0:01:16]} Re5 {[%emt 0:00:30]} 61. Ra2 {[%emt 0:00:26]} Rd5 {[%emt 0:01:42]} 62. Ra4 {[%emt 0:05:04]} Rd2+ {[%emt 0:00:25]} 63. Kg1 {[%emt 0:00:35]} Rb2 {[%emt 0:05:54]} 64. Rc4 {[%emt 0:00:16]} Ra2 {[%emt 0:03:03]} 65. Rb4 {[%emt 0:00:05]} Ra1+ {[%emt 0:00:05]} 66. Kg2 {[%emt 0:00:07]} Ra2+ {[%emt 0:00:05]} 67. Kg1 {[%emt 0:00:04]} Rd2 {[%emt 0:00:07]} 68. Ra4 {[%emt 0:00:09]} Rb2 {[%emt 0:02:44]} 69. Rc4 {[%emt 0:00:06]} h3 {[%emt 0:00:17]} 70. Rg4 {[%emt 0:04:45]} Rb3 {[%emt 0:02:00]} 71. Rg3 {[%emt 0:00:19]} Kf4 {[%emt 0:00:06]} 72. Rxh3 {[%emt 0:00:07]} g4 {[%emt 0:00:13]} 73. Rh8 {[%emt 0:05:55]} Kg3 {[%emt 0:01:19]} 74. Kf1 {[%emt 0:00:13]} Rb1+ {[%emt 0:00:52]} 75. Ke2 {[%emt 0:00:04]} gxf3+ {[%emt 0:00:07]} 76. Kd2 {[%emt 0:00:45]} f2 {[%emt 0:00:45]} 0-1

[Event "Open A"]
[Site "Dortmund, Germany"]
[Date "2024.08.11"]
[Round "2.15"]
[White "Buksa, Nataliya"]
[Black "Guo, Philipp Ziming"]
[Result "1/2-1/2"]
[WhiteElo "2396"]
[BlackElo "2146"]
[PlyCount "180"]
[EventDate "2024.??.??"]

1. e4 {[%emt 0:00:01]} c5 {[%emt 0:00:19]} 2. Nf3 {[%emt 0:00:12]} d6 {[%emt 0:00:10]} 3. d4 {[%emt 0:00:05]} cxd4 {[%emt 0:00:06]} 4. Nxd4 {[%emt 0:00:04]} Nf6 {[%emt 0:00:08]} 5. Nc3 {[%emt 0:00:10]} a6 {[%emt 0:00:12]} 6. Be3 {[%emt 0:00:44]} e5 {[%emt 0:00:15]} 7. Nb3 {[%emt 0:00:10]} Be7 {[%emt 0:00:14]} 8. f3 {[%emt 0:00:08]} Be6 {[%emt 0:00:10]} 9. Qd2 {[%emt 0:00:05]} O-O {[%emt 0:00:09]} 10. O-O-O {[%emt 0:00:23]} Nbd7 {[%emt 0:00:10]} 11. g4 {[%emt 0:00:11]} b5 {[%emt 0:00:11]} 12. g5 {[%emt 0:00:05]} Nh5 {[%emt 0:00:46]} 13. Nd5 {[%emt 0:00:23]} Bxd5 {[%emt 0:00:14]} 14. exd5 {[%emt 0:00:04]} f6 {[%emt 0:00:11]} 15. gxf6 {[%emt 0:00:13]} Bxf6 {[%emt 0:00:57]} 16. Na5 {[%emt 0:00:45]} Qe8 {[%emt 0:02:21]} 17. Kb1 {[%emt 0:03:04]} Bd8 {[%emt 0:18:46]} 18. Nb7 {[%emt 0:01:14]} Bc7 {[%emt 0:11:54]} 19. Qc3 {[%emt 0:03:10]} Qc8 {[%emt 0:13:33]} 20. Bh3 {[%emt 0:31:03]} Qxb7 {[%emt 0:02:55]} 21. Bxd7 {[%emt 0:00:09]} Rad8 {[%emt 0:04:05]} 22. Be6+ {[%emt 0:02:10]} Kh8 {[%emt 0:01:04]} 23. Bg5 {[%emt 0:04:11]} Rb8 {[%emt 0:07:17]} 24. Bd7 {[%emt 0:10:03]} Bd8 {[%emt 0:02:06]} 25. Bc6 {[%emt 0:00:54]} Qa7 {[%emt 0:07:34]} 26. Bc1 {[%emt 0:00:43]} Bb6 {[%emt 0:01:23]} 27. Rhe1 {[%emt 0:03:25]} Rf7 {[%emt 0:07:36]} 28. Qb4 {[%emt 0:01:10]} Bc5 {[%emt 0:01:01]} 29. Qg4 {[%emt 0:00:41]} g6 {[%emt 0:01:35]} 30. Bh6 {[%emt 0:10:25]} Rf5 {[%emt 0:01:51]} 31. Rd3 {[%emt 0:03:56]} Qf7 {[%emt 0:01:09]} 32. h4 {[%emt 0:01:00]} Nf4 {[%emt 0:04:07]} 33. Rdd1 {[%emt 0:04:53]} Nh5 {[%emt 0:00:53]} 34. Rf1 {[%emt 0:05:04]} a5 {[%emt 0:01:21]} 35. a3 {[%emt 0:07:12]} Nf4 {[%emt 0:07:03]} 36. Rfe1 {[%emt 0:02:43]} Nh5 {[%emt 0:01:13]} 37. a4 {[%emt 0:03:43]} bxa4 {[%emt 0:01:13]} 38. Qxa4 {[%emt 0:00:05]} Rxf3 {[%emt 0:00:49]} 39. Bb5 {[%emt 0:03:18]} Qb7 {[%emt 0:01:36]} 40. Rf1 {[%emt 0:00:37]} Rf5 {[%emt 0:00:53]} 41. Rxf5 {[%emt 0:04:20]} gxf5 {[%emt 0:00:06]} 42. c4 {[%emt 0:00:14]} Bb6 {[%emt 0:09:54]} 43. Qa3 {[%emt 0:15:49]} Qc7 {[%emt 0:01:32]} 44. Bg5 {[%emt 0:06:21]} Bc5 {[%emt 0:04:38]} 45. Qc3 {[%emt 0:01:25]} Rf8 {[%emt 0:03:42]} 46. Ba4 {[%emt 0:00:27]} Qb6 {[%emt 0:01:41]} 47. Qf3 {[%emt 0:00:21]} Ng7 {[%emt 0:01:53]} 48. h5 {[%emt 0:02:04]} Bd4 {[%emt 0:00:46]} 49. Rd2 {[%emt 0:01:14]} e4 {[%emt 0:01:51]} 50. Qh3 {[%emt 0:00:18]} Be5 {[%emt 0:06:39]} 51. Be7 {[%emt 0:03:10]} Rf7 {[%emt 0:00:30]} 52. h6 {[%emt 0:01:44]} Rxe7 {[%emt 0:00:32]} 53. hxg7+ {[%emt 0:00:12]} Rxg7 {[%emt 0:00:39]} 54. Bb5 {[%emt 0:00:08]} Qg1+ {[%emt 0:00:41]} 55. Ka2 {[%emt 0:00:02]} Qg5 {[%emt 0:01:19]} 56. Rc2 {[%emt 0:00:49]} Bd4 {[%emt 0:01:23]} 57. c5 {[%emt 0:00:25]} Bxc5 {[%emt 0:01:19]} 58. Qh1 Qf6 {[%emt 0:00:48]} 59. Qh5 {[%emt 0:00:11]} Qf7 {[%emt 0:00:30]} 60. Qh4 {[%emt 0:00:34]} Qe7 {[%emt 0:00:39]} 61. Qf4 {[%emt 0:00:17]} Qf7 {[%emt 0:00:36]} 62. Qh4 {[%emt 0:00:13]} f4 {[%emt 0:00:36]} 63. Rc4 Qxd5 {[%emt 0:00:19]} 64. Qxf4 {[%emt 0:00:22]} Bd4 {[%emt 0:00:30]} 65. Ba6 {[%emt 0:01:42]} Be5 {[%emt 0:00:35]} 66. Qf5 {[%emt 0:00:50]} Qf7 {[%emt 0:00:30]} 67. Qxe4 {[%emt 0:00:13]} Rg8 {[%emt 0:00:22]} 68. Ka3 {[%emt 0:00:25]} Qe7 {[%emt 0:00:37]} 69. Qd5 {[%emt 0:00:10]} Qg7 {[%emt 0:00:28]} 70. Rc2 {[%emt 0:00:31]} Qg3+ {[%emt 0:00:31]} 71. Ka2 {[%emt 0:00:59]} Qg6 {[%emt 0:00:38]} 72. Bd3 {[%emt 0:00:07]} Qg4 {[%emt 0:00:24]} 73. Be4 {[%emt 0:01:21]} Rb8 74. Qc6 {[%emt 0:00:51]} Qg8+ {[%emt 0:00:21]} 75. Bd5 {[%emt 0:00:03]} Qe8 {[%emt 0:00:36]} 76. Qc7 {[%emt 0:00:05]} Qa4+ {[%emt 0:00:30]} 77. Kb1 {[%emt 0:00:02]} Rf8 {[%emt 0:00:34]} 78. Bc4 {[%emt 0:00:35]} Qb4 {[%emt 0:01:04]} 79. Qe7 Qe1+ {[%emt 0:00:33]} 80. Ka2 {[%emt 0:00:03]} Rb8 {[%emt 0:00:26]} 81. Bd3 {[%emt 0:00:59]} Qh1 {[%emt 0:00:20]} 82. Rg2 {[%emt 0:00:33]} Qh6 {[%emt 0:00:40]} 83. Rf2 {[%emt 0:00:33]} Bg7 {[%emt 0:00:15]} 84. Qe4 {[%emt 0:00:55]} d5 {[%emt 0:00:45]} 85. Qxd5 {[%emt 0:00:05]} Qc1 {[%emt 0:00:28]} 86. Bb5 {[%emt 0:00:18]} a4 {[%emt 0:00:33]} 87. Qd6 {[%emt 0:00:34]} Rc8 {[%emt 0:00:31]} 88. Rh2 {[%emt 0:00:40]} Qc7 {[%emt 0:00:27]} 89. Qe6 {[%emt 0:01:06]} Rf8 {[%emt 0:00:26]} 90. Qe2 {[%emt 0:01:03]} Qe5 {[%emt 0:00:32]} 1/2-1/2